000 00277nam a22001217a 4500
008 260305b ||||| |||| 00| 0 eng d
041 _aeng
080 _a2.1
100 _a20.1
101 _aNgjarje
245 _aHistporia e re e Ideve Politike
_cPascal Ory
942 _2udc
_cBK
999 _c60872
_d60872